Normal view
MARC view
- دراسة وتحقيق، حسن أحمد العثمان
Entry Personal Name
001 - CONTROL NUMBER
- control field: 26851
003 - CONTROL NUMBER IDENTIFIER
- control field: JO-AjAnu
005 - DATE AND TIME OF LATEST TRANSACTION
- control field: 20230606074553.0
008 - FIXED-LENGTH DATA ELEMENTS
- fixed length control field: 230606|| aca||aabn | a|a d
040 ## - CATALOGING SOURCE
- Original cataloging agency: JO-AjAnu
- Transcribing agency: JO-AjAnu
100 ## - HEADING--PERSONAL NAME
- Personal name: دراسة وتحقيق، حسن أحمد العثمان
670 ## - SOURCE DATA FOUND
- Source citation: Work cat.: (JO-AjAnu)13793: دراسة وتحقيق، حسن أحمد العثمان, author, شرح شافية ابن الحاجب في علمي التصريف والخط للخضر اليزدي، أئمة سنة 720ه